Index translationum 35 1982 : Répertoire international des traductions

Gespeichert in:
Bibliographische Detailangaben
Format: Buch
Sprache:Französisch
Veröffentlicht: Paris UNESCO 1987
Ausgabe:1. éd.
Tags: Tag hinzufügen
Keine Tags, Fügen Sie das erste Tag hinzu!

MARC

LEADER 00000nam a2200000 4500
001 c037651
005 20260129115950.7
041 0 |a fre 
044 |a FR 
245 1 0 |a Index translationum 35  |b 1982 : Répertoire international des traductions 
250 |a 1. éd. 
264 1 |a Paris  |b UNESCO  |c 1987 
300 |a 1110 s.